01120nam a2200217Ia 4500001000700000008004100007090001700048100003800065245013000103260003200233300001000265502010400275650012800379901001700507902000600524905006300530942000600593999001900599952014200618952014200760Z_4844220601s9999 xx 000 0 und d aTesis M 1712 aMendoza Guzmán, Salvador974666 aInfluencia del cinc sobre comportamiento productivo y características de canal en corderos / por Salvador Mendoza Guzmán aChapingo, Méx. : El autor a58 h. aTesis (Maestro en Ciencias Especialista en Producción Animal) -- UACH. Departamento de Zootecnia a1. Zinc en nutrición animal 2. Carne en canal 3. Ganado lanar - Engorda 4. Zinc5. Ganado lanar - ProducciónÌ9181716 aTESIS M 1712 aM a0000002003 0000000000 00 c2 c216943d216943 00102local4055708TESISaZbZd2005-11-09eEl autorl0oTesis M46 1712 2003p5101002828r2022-06-02 00:00:00tEj.2w2022-06-02yTESIS 00102local4051708TESISaZbZd2005-11-09eEl autorl0oTesis M46 1712 2003p5101002827r2022-06-02 00:00:00tEj.1w2022-06-02yTESIS